Top 15 NBA Leaders in Blocking - Statistics

General Stats
  • This quiz has been taken 11 times
  • The average score is 11 of 15
Answer Stats
# Team+Pos Answer % Correct
6. Spurs - C David Robinson
100%
1. Rockets - C Hakeem Olajuwon
100%
3. Bucks - C Kareem Abdul-Jabbar
100%
7. Knicks - C Patrick Ewing
100%
14. Nets - C Brook Lopez
89%
13. Magic - C Dwight Howard
89%
8. Lakers - C Shaquille O'Neal
89%
5. Spurs - PF Tim Duncan
89%
15. Pistons - PF Ben Wallace
78%
11. Heat - C Alonzo Mourning
67%
2. Hawks - C Dikembe Mutombo
67%
10. Celtics - C Robert Parish
67%
4. Jazz - C Mark Eaton
56%
12. Nuggets - PF Marcus Camby
22%
9. Hawks - C Tree Rollins
22%
No matching quizzes found
Score Distribution
Percent of People with Each Score
Percentile by Number Answered
Your Score History
You have not taken this quiz